000 00312nam a2200109Ia 4500
008 200302s9999 xx 000 0 und d
100 _aDscar Riera Ojeda & Others
245 _aHyper-realistic Computer Generated Architectural Rendernigs
260 _bRockport Publishers Inc.,
260 _c1996
300 _a191 P.,
999 _c2074
_d2074